Statistics for Biggest 'City' Cities

Click here to take the quiz!

General Stats

  • This quiz has been taken 356 times
  • The average score is 5 of 12

Answer Stats

PopulationCity% Correct
20.6 milMexico City
89%
20.0 milNew York City
83%
4.5 milGuatemala City
72%
1.4 milPanama City
67%
4.2 milKuwait City
56%
2.0 milKansas City
43%
1.2 milOklahoma City
41%
8.9 milHo Chi Minh City
34%
1.1 milSalt Lake City
29%
2.7 milQuezon CIty
20%
2.5 milCebu City
10%
1.6 milDavao City
6%

Score Distribution

Percentile by Number Answered

Percent of People with Each Score

Your Score History

You have not taken this quiz